Statistics for Religion in Mexico

Click here to take the quiz!

General Stats

  • This quiz has been taken 34 times
  • The average score is 5 of 6

Answer Stats

PercentReligion% Correct
82.7%Catholic
100%
4.7%None
97%
1.9%Other
94%
2.7%Unknown
91%
6.6%Protestant
82%
1.4%Jehovah's Witness
15%

Score Distribution

Percentile by Number Answered

Percent of People with Each Score

Your Score History

You have not taken this quiz